000 01392cam a2200277 4500
001 ##L127157
002 ##7968
008 #DATE n2005 000 0 eng u
020 _a1842192019
035 _a(Sirsi) u127157
041 0 _aeng
050 0 4 _a692.2
_c18
100 1 _aAnstey, John
245 0 0 _aAnstey's party walls and what to do with them
250 _a6th ed.
260 3 _aLondon
_bRICS
_c2005
300 _axi, 191p.
_c21cm.
350 _a22.50
520 _aThe sixth edition of a classic practical text covers the definition of a party wall and the appointment, roles and duties of surveyors and owners under the Party Wall etc. Act 1996. Considers serving notices, preparing and agreeing of awards and payment of fees. Discusses changes of ownership of party walls, appeals and their consequences and looks at the leading party wall cases. The book throws light on those all-important grey areas where the law is unclear and even experts disagree. The commentary, examples and legal points have been brought completely up to date. Select bibliography and website list. Supersedes fifth edition 0854069070.
590 _aIKA290405
650 2 4 _aPARTY WALL ETC ACT 1996
690 _aPROPERTY-PROPERTY MANAGEMENT-EASEMENTS-PARTY WALL SURVEYING-PARTY WALLS
700 1 _aNorth, Graham
710 2 _aRoyal Institution of Chartered Surveyors
_94900
942 _n0
999 _c103710
_d103710